=LDR 00000nam 2200000 4500 =001 INLIS000000000052756 =005 20180227124009 =035 ##$$a 0010-0218000452 =007 ta =008 180227###########################0###### =020 ##$$a 978-602-262-143-0 =082 ##$$a 541.076 =084 ##$$a 541.076 DES s =100 #$$a Desy Esther Prabowo =245 1#$$a Soal dan Pembahasan Redoks dan Elektro Kimia /$c Desy Esther Prabowo =260 ##$$a Yogyakarta :$b Graha Ilmu,$c 2014 =300 ##$$a vi,29 hlm. : $b ilus. ; $c 24 cm =500 ##$$a Biografi : hlm. 49 =650 ##$$a Elektro Kimia - Tes dan Evaluasi =990 ##$$a 50065006 =990 ##$$a 50065006 =990 ##$$a 50065006 =990 ##$$a 50065006 =990 ##$$a 50065006 =990 ##$$a 21709101 =990 ##$$a 01201805006 =990 ##$$a 01201805007 =990 ##$$a 01201805008 =990 ##$$a 01201805009 =990 ##$$a 21709102 =990 ##$$a 01201805006 =990 ##$$a 01201805007 =990 ##$$a 01201805008 =990 ##$$a 21709101 =990 ##$$a 21709103 =990 ##$$a 01201805006 =990 ##$$a 01201805007 =990 ##$$a 21709102 =990 ##$$a 21709101 =990 ##$$a 21709104 =990 ##$$a 01201805006 =990 ##$$a 21709103 =990 ##$$a 21709102 =990 ##$$a 21709101 =990 ##$$a 21709105 =990 ##$$a 21709104 =990 ##$$a 21709103 =990 ##$$a 21709102 =990 ##$$a 21709101